Essentials of XBRL : financial reporting in the 21st century /

Bibliographic Details
Main Author: Bergeron, Bryan P.
Corporate Author: NetLibrary, Inc
Format: eBook
Language:English
Published: Hoboken, N.J. : Wiley, 2003.
Series:Essentials series.
Subjects:
Online Access:Connect to the full text of this electronic book

MARC

Tag First Indicator Second Indicator Subfields
LEADER 00000cam a22000004a 4500
001 in00002004608
005 20220105141803.0
006 m d
007 cr cnu---unuuu
008 040518s2003 njua sb 001 0 eng d
020 |a 0471458082 (electronic bk.) 
035 |a (OCoLC)ocm55206552 
040 |a N$T  |c N$T  |d OCLCQ  |d UtOrBLW 
049 |a IKMN 
050 1 4 |a HF5548.5.X25  |b B47 2003eb 
082 0 4 |a 005.7/2  |2 22 
100 1 |a Bergeron, Bryan P.  |0 http://id.loc.gov/authorities/names/n88169591 
245 1 0 |a Essentials of XBRL :  |b financial reporting in the 21st century /  |c Bryan Bergeron. 
246 3 0 |a Financial reporting in the 21st century 
264 1 |a Hoboken, N.J. :  |b Wiley,  |c 2003. 
300 |a xvii, 220 pages :  |b illustrations ;  |c 23 cm. 
336 |a text  |b txt  |2 rdacontent 
337 |a computer  |b c  |2 rdamedia 
338 |a online resource  |b cr  |2 rdacarrier 
490 1 |a Essentials series 
504 |a Includes bibliographical references (pages 209-210) and index. 
533 |a Electronic reproduction.  |b Boulder, Colo. :  |c NetLibrary,  |d 2004.  |n Available via World Wide Web.  |n Access may be limited to NetLibrary affiliated libraries. 
500 |a Electronic resource. 
650 0 |a XBRL (Document markup language)  |0 http://id.loc.gov/authorities/subjects/sh2001001706 
650 0 |a Business enterprises  |x Finance  |x Data processing.  |0 http://id.loc.gov/authorities/subjects/sh85018287 
655 7 |a Electronic books.  |2 local 
710 2 |a NetLibrary, Inc.  |0 http://id.loc.gov/authorities/names/no99080690 
776 1 |c Original  |z 0471220779  |w (DLC) 2003006642  |w (OCoLC)51898838 
830 0 |a Essentials series.  |0 http://id.loc.gov/authorities/names/n2001089326 
856 4 1 |u https://proxy.library.tamu.edu/login?url=http://www.netLibrary.com/urlapi.asp?action=summary&v=1&bookid=107257  |z Connect to the full text of this electronic book  |t 0 
994 |a 92  |b IKM 
999 |a MARS 
999 f f |s 1d28387c-0159-39cd-81bd-6894ca681a8c  |i 547556c1-8d1c-3cea-a9dd-4084c3f06697  |t 0 
952 f f |a Texas A&M University  |b College Station  |c Electronic Resources  |d Available Online  |t 0  |e HF5548.5.X25 B47 2003eb  |h Library of Congress classification 
998 f f |a HF5548.5.X25 B47 2003eb  |t 0  |l Available Online